[Event "WIECC 2009"]
[Site "St. Petersburg RUS"]
[Date "2009.03.18"]
[Round "10.16"]
[White "Arakhamia-Grant, Ketevan"]
[Black "Grabuzova, Tatiana"]
[Result "1/2-1/2"]
[WhiteElo "2500"]
[BlackElo "2332"]
[Annotator ""]
[Source ""]
[Remark ""]

1.e4 e6 2.d4 d5 3.Nc3 Nf6 4.e5 Nfd7 5.f4 c5 6.Nf3 Nc6 7.Be3 cxd4
8.Nxd4 Bc5 9.Qd2 Bxd4 10.Bxd4 Nxd4 11.Qxd4 Qb6 12.Qd2 Nc5 13.O-O-O
Bd7 14.Qd4 Bc6 15.h4 Ne4 16.Nxe4 dxe4 17.Rh3 Qxd4 18.Rxd4 Ke7
19.Rg3 Rhg8 20.b4 a6 21.Bc4 Rad8 22.Rxd8 Rxd8 23.c3 e3 24.Rxe3
Bxg2 25.a4 Bd5 26.Bd3 Rc8 27.Kc2 Bc4 28.Be4 b6 29.Rg3 g6 30.Rg1
Rd8 31.Ra1 f6 32.a5 b5 33.Rg1 fxe5 34.fxe5 Bd5 35.Bd3 Bb3+ 36.Kxb3
Rxd3 37.h5 Kf7 38.Rf1+ Ke7 39.hxg6 hxg6 40.Rh1 Rf3 41.Rh7+ Rf7
42.Rxf7+ Kxf7 43.c4 bxc4+ 44.Kxc4 Ke7 45.Kd4 Kd7 46.Ke4 Kc6 47.Kf4
Kb5 48.Kg5 Kxb4 49.Kf6 g5 50.Kxe6 g4 51.Kf7 g3 52.e6 g2 53.e7
g1Q 54.e8Q Qf2+ 55.Kg7 Qd4+ 56.Kg6 Qd6+ 57.Kg7 Kxa5 58.Qe1+ Kb6
59.Qe3+ Kb7 60.Qe4+ Qc6 61.Qb4+ Ka7 62.Qd4+ Qb6 63.Qc4 a5 64.Kh7
Qb4 65.Qe6 a4 66.Qe3+ Qb6 67.Qa3 Qc6 68.Qe3+ Kb7 69.Qa3 Qc2+
70.Kh8 Kc6 71.Qb4 Qb3 72.Qe4+ Kc5 73.Qe5+ Kc4 74.Qe4+ Kc3 75.Qe5+
Kc2 76.Qe2+ Kb1 77.Qe4+ Ka2 78.Kg7 a3 79.Kh8 Ka1 80.Qe1+ Qb1
81.Qe3 a2 82.Kg8 Qb8+ 83.Kh7 Qc7+ 84.Kg8 Qc4+ 85.Kh8 Kb2 86.Qb6+
Kc3 87.Qe3+ Qd3 88.Qc5+ Kb3 89.Qb6+ Kc2 90.Qf2+ Qd2 91.Qf5+ Kb3
92.Qb5+ Qb4 93.Qd5+ Qc4 94.Qb7+ Kc2 95.Qg2+ Kb1 96.Qb7+ Kc1 97.Qh1+
Kb2 98.Qb7+ Qb3 99.Qg2+ Qc2 100.Qb7+ Ka1 101.Kg8 Qg6+ 102.Kh8
Qb1 103.Qd5 Qb2+ 104.Kg8 Qf2 105.Qc4 Kb1 106.Qb3+ Kc1 107.Qc3+
Qc2 108.Qe1+ Kb2 109.Qe5+ Kb3 110.Qb5+ Ka3 111.Qa5+ Qa4 112.Qc5+
Qb4 113.Qc1+ Ka4 114.Qc6+ Qb5 115.Qa8+ Kb3 116.Qf3+ Kb4 117.Qf8+
Qc5 118.Qb8+ Kc4 119.Qf4+ Qd4 120.Qc7+ Kb3 121.Qb7+ Kc2 122.Qg2+
Qd2 123.Qc6+ Kd3 124.Qd5+ Ke3 125.Qg5+ Ke2 126.Qg2+ Kd1 127.Qf1+
Kc2 128.Qc4 Kb1 129.Qb5 Kc1 130.Qf1 Qd1 131.Qf4 Kb2 132.Qf2 Qc2 1/2-1/2

[Event "WIECC 2009"]
[Site "St. Petersburg RUS"]
[Date "2009.03.18"]
[Round "10.38"]
[White "Huda, Maryana"]
[Black "Gvetadze, Sopio"]
[Result "0-1"]
[WhiteElo "2240"]
[BlackElo "2377"]
[Annotator ""]
[Source ""]
[Remark ""]

1.d4 Nf6 2.c4 e6 3.Nc3 Bb4 4.e3 O-O 5.Nge2 d5 6.a3 Be7 7.cxd5
exd5 8.g3 Nbd7 9.Bg2 Nb6 10.O-O Re8 11.Nf4 Bf8 12.b3 Bf5 13.Bb2
a5 14.a4 c6 15.Nd3 Ne4 16.Rc1 Nc8 17.Re1 Qg5 18.Nxe4 dxe4 19.Ne5
f6 20.Nc4 Be6 21.f3 f5 22.f4 Qd8 23.Bf1 Qd5 24.Qc2 b5 25.Ne5
Na7 26.Bc3 Qd8 27.Ra1 Bd5 28.Reb1 b4 29.Be1 h6 30.Bh3 Qf6 31.Rb2
Red8 32.Rc1 c5 33.Bf2 Rac8 34.Qd1 cxd4 35.Rxc8 Nxc8 36.exd4 Nb6
37.Qh5 Be6 38.g4 fxg4 39.Bh4 Qxf4 40.Bxd8 gxh3 41.Rf2 Qc1+ 42.Rf1
Qe3+ 43.Kh1 Qd2 44.Qg6 Qg2+ 45.Qxg2 hxg2+ 46.Kxg2 Nd5 47.Nc4
h5 48.Kg3 g6 49.Re1 Bf5 50.h4 Bh6 51.Bg5 Bg7 52.Ne3 Be6 53.Nc4
Nc3 54.Nxa5 Bxd4 55.Be3 Bf6 56.Bd2 Be5+ 57.Bf4 Bg7 58.Bd6 Bf5
59.Bxb4 Be5+ 60.Kg2 Nd5 61.Nc6 Bf6 62.Bd2 Bxh4 63.Rc1 e3 64.Ba5
Be4+ 65.Kf1 Nf4 66.Nd4 Bf2 67.Rc8+ Kh7 68.Rc7+ Kh6 0-1

[Event "WIECC 2009"]
[Site "St. Petersburg RUS"]
[Date "2009.03.18"]
[Round "10.50"]
[White "Gritsayeva, Oksana"]
[Black "Zainullina, Nataliya"]
[Result "1/2-1/2"]
[WhiteElo "2341"]
[BlackElo "2173"]
[Annotator ""]
[Source ""]
[Remark ""]

1.e4 e5 2.Nf3 Nc6 3.Bc4 Be7 4.d4 d6 5.dxe5 dxe5 6.Qxd8+ Bxd8
7.Ng5 Bxg5 8.Bxg5 Nd4 9.Na3 Be6 10.O-O-O f6 11.Bxe6 Nxe6 12.Be3
Ne7 13.g3 a6 14.Nc4 Kf7 15.f4 exf4 16.gxf4 g6 17.Rhf1 Rad8 18.Rde1
Rd7 19.Bd2 Rhd8 20.Bc3 Nd4 21.e5 Nef5 22.b3 Rd5 23.exf6 Kxf6
24.Ne5 Kg7 25.Bb2 R5d6 26.Nc4 R6d7 27.Na5 c6 28.a4 Kf7 29.Kb1
Re8 30.Rxe8 Kxe8 31.Re1+ Kf7 32.Ba3 Ne6 33.Nc4 Rd8 34.Ne5+ Kf6
35.Bb2 Ke7 36.Nf3 Kf7 37.Re4 Nd6 38.Re2 Nf5 39.Re4 Nd6 40.Re1
Nf5 41.Be5 Rd5 42.Kc1 Rd8 43.Re4 c5 44.Nd2 b5 45.axb5 axb5 46.Re1
Nfd4 47.Ne4 Nf5 48.Kb2 h6 49.Ra1 Rd7 50.Ra8 g5 51.fxg5 hxg5 52.Nf6
Rd2 53.Kc1 Re2 54.Ng4 Nfd4 55.c3 Rc2+ 56.Kd1 Rxc3 57.b4 cxb4
58.Nf2 Ra3 59.Rxa3 bxa3 60.Kc1 b4 61.Bd6 a2 62.Kb2 b3 63.Be5
Nc2 64.Kxb3 a1Q 65.Bxa1 Nxa1+ 66.Kb2 Nd4 67.Kxa1 Nf3 1/2-1/2

[Event "WIECC 2009"]
[Site "St. Petersburg RUS"]
[Date "2009.03.18"]
[Round "10.58"]
[White "Lomakina, Galja"]
[Black "Dolgova, Olga"]
[Result "1-0"]
[WhiteElo "2058"]
[BlackElo "2245"]
[Annotator ""]
[Source ""]
[Remark ""]

1.e4 c6 2.d3 d5 3.Nd2 g6 4.Ngf3 Bg7 5.g3 e5 6.Bg2 Ne7 7.O-O O-O
8.Re1 Qc7 9.a4 a5 10.c3 Nd7 11.Nb3 dxe4 12.dxe4 c5 13.Be3 c4
14.Nbd2 Ra6 15.Qe2 Rc6 16.Bf1 f5 17.Nxc4 fxe4 18.Ng5 Nf6 19.Nd2
Bf5 20.Bg2 Ned5 21.Ngxe4 Ng4 22.Bg5 h6 23.h3 Ngf6 24.Nxf6+ Nxf6
25.Bxc6 Qxc6 26.Bxf6 Qxf6 27.g4 Bd7 28.Ne4 Qh4 29.Qe3 Bc6 30.Qg3
Qe7 31.b3 Rf4 32.Nd2 Qf7 33.Re3 Qd5 34.Nf3 Rxf3 35.Rxf3 Qxf3
36.Qxf3 Bxf3 37.b4 axb4 38.cxb4 Kf7 39.b5 Be2 40.Rc1 Bf3 41.Rc7+
Kf6 42.a5 Bf8 43.a6 bxa6 44.bxa6 Bd6 45.Rc3 Ba8 46.a7 Kg5 47.Rc8
Bb7 48.a8Q Bxa8 49.Rxa8 Bc5 50.Kg2 h5 51.gxh5 gxh5 52.Ra4 Bd4
53.Kg3 h4+ 54.Kf3 Kf5 55.Ra8 Bc5 56.Rh8 Kg5 57.Rh7 e4+ 58.Ke2
Bd4 59.Rd7 Bb6 60.Rb7 Bd8 61.Ke3 Kf5 62.Rb5+ Ke6 63.Kxe4 Bf6
64.Rb6+ Kf7 65.Rxf6+ Kxf6 66.Kf4 Ke6 67.Kg5 Ke5 68.f4+ Ke4 69.f5 1-0

[Event "WIECC 2009"]
[Site "St. Petersburg RUS"]
[Date "2009.03.18"]
[Round "10.68"]
[White "Miednikova, Swietlana"]
[Black "Alekseeva, Alena"]
[Result "1/2-1/2"]
[WhiteElo "2160"]
[BlackElo "2039"]
[Annotator ""]
[Source ""]
[Remark ""]

1.e4 c6 2.d4 d5 3.f3 e6 4.Nc3 Bb4 5.Nge2 dxe4 6.fxe4 Qh4+ 7.Ng3
Nf6 8.Qf3 O-O 9.Qf4 Qxf4 10.Bxf4 Rd8 11.O-O-O b6 12.Be2 Bb7 13.Bf3
h6 14.a3 Bxc3 15.bxc3 b5 16.e5 Nd5 17.Bd2 Nd7 18.Ne4 N7b6 19.Nd6
Rd7 20.Rhf1 Nc4 21.Bxd5 cxd5 22.Nxc4 dxc4 23.Be3 a5 24.Kd2 Kh7
25.g3 Ba6 26.Rb1 Rb8 27.Rf4 Rc7 28.Kd1 Bb7 29.Kd2 Bd5 30.Rbf1
Rbb7 31.Rb1 Kg6 32.Rg4+ Kh7 33.Rf4 Rb8 34.Kd1 Rcb7 35.Kd2 Rc8
36.Rb2 Rg8 37.Rf1 Rc8 38.Rfb1 Bc6 39.Rf1 Bd5 40.Rfb1 Rcb8 41.Rf1
Kg6 42.Rf2 Rf8 43.Rf1 f5 44.exf6 Rxf6 45.Rfb1 Bc6 46.a4 Rf5 47.Bf4
Rd5 48.Be5 Kf7 49.Ke3 Ke8 50.axb5 Rdxb5 51.Rxb5 Rxb5 52.Rxb5
Bxb5 53.Bxg7 a4 54.Kd2 h5 55.h3 Bc6 56.g4 Kf7 57.Be5 h4 58.Bc7
Bg2 59.Bd8 Bxh3 60.Bxh4 Bxg4 61.Bd8 Kg6 1/2-1/2

[Event "WIECC 2009"]
[Site "St. Petersburg RUS"]
[Date "2009.03.18"]
[Round "10.69"]
[White "Ni, Viktorija"]
[Black "Lezhepekova, Veronika"]
[Result "1-0"]
[WhiteElo "2150"]
[BlackElo "1917"]
[Annotator ""]
[Source ""]
[Remark ""]

1.d4 d6 2.Nf3 Bg4 3.e4 Nf6 4.Bd3 e5 5.dxe5 dxe5 6.Bb5+ Nbd7 7.h3
c6 8.Bc4 Bh5 9.O-O Be7 10.Qe2 O-O 11.Rd1 Qc7 12.a4 Rad8 13.b3
Nc5 14.Rxd8 Rxd8 15.Nc3 Qa5 16.Bb2 Bxf3 17.Qxf3 Rd2 18.Ba3 Qd8
19.g4 h6 20.h4 Qd7 21.g5 hxg5 22.hxg5 Qg4+ 23.Qg3 Qxg3+ 24.fxg3
Ng4 25.g6 Kf8 26.Bxf7 Rxc2 27.Rc1 Rxc1+ 28.Bxc1 Nf6 29.Be3 b6
30.a5 bxa5 31.Kg2 Nfxe4 32.Nxe4 Nxe4 33.Bxa7 Bb4 34.Be3 Ke7 35.Kf3
Nd6 36.Bg5+ Kd7 37.Bg8 Bc3 38.g4 Nb7 39.Ke4 Nc5+ 40.Kf5 Bd4 41.Bf6
Nb7 42.Be6+ Ke8 43.Bxg7 Nd6+ 44.Kg5 Ke7 45.Bf5 Ne8 46.Bh8 Be3+
47.Kh4 Nf6 48.g5 Ng8 49.g7 Kf7 50.Bh7 Ne7 51.g6+ Ke6 52.g8Q+
Nxg8 53.Bxg8+ Kf5 54.g7 Kg6 55.Bc4 1-0